000 00519nam a2200157Ia 4500
003 IN-BaIIA
008 211028s9999 xx 000 0 eng d
040 _cIIA Library
080 _a528.3
_bNEU
100 _aGeorge Nen Mayer
_92830
245 0 _aResults of the magnetic survey of the colony of victoria
_cGeorge Nen Mayer Georg Balthasar von Neumayer
260 _aMannheiun
_bJ. Schnieder
_c1869
650 _aGeomagnetism.
650 _aMagnetic survey
_92831
942 _cBK
999 _c1375
_d1375